Účtovníctvo 1 zbierka príkladov

Saved in:
Bibliographic Details
Main Author: Mázik, Ján
Corporate Author: Vysoká škola ekonomická v Bratislave. Fakulta riadenia
Other Authors: Straková, Ľubica, Farkaš, Richard
Format: Book
Language:Slovak
Published: Bratislava Vysoká škola ekonomická 1985
Tags: Add Tag
No Tags, Be the first to tag this record!

MARC

LEADER 00000nam a2200000 4500
001 c109261
005 20190107135335.5
041 0 |a slo 
044 |a SK 
245 1 0 |a Účtovníctvo 1  |b zbierka príkladov  |c Ján Mázik, ľubica Straková, R. Farkaš 
264 1 |a Bratislava  |b Vysoká škola ekonomická  |c 1985 
300 |a 121 s. 
100 1 |a Mázik, Ján 
700 1 |a Straková, Ľubica 
700 1 |a Farkaš, Richard 
710 2 |a Vysoká škola ekonomická v Bratislave. Fakulta riadenia